000 00600nam a2200229Ia 4500
003 OSt
005 20221007071549.0
006 a|||||r|||| 00| 0
007 ta
008 221006b |||||||| |||| 00| 0 eng d
024 _a10,977
037 _cTextual
040 _aFLL
_cFLL
_beng
041 _2eng
_aeng
082 _aR44, K9
100 _aBennion F.A.R. Au.
_9688628
245 0 _aProfessional ethics
260 _aLondon
_bCharles knitght and co. ltd. London
_c1969
300 _a278p
_ccm.
942 _hR44, K9
_cTEXL
_2CC
999 _c1143691
_d1143691